| 000 | 01309pam a2200337 a 4500 | ||
|---|---|---|---|
| 001 | 4361024 | ||
| 003 | NUST-PNEC | ||
| 005 | 20170116180715.0 | ||
| 008 | 901102s1991 gw d 000 0 eng | ||
| 010 | _a 90022823 | ||
| 020 | _a089573530X | ||
| 040 | _cPNEC | ||
| 041 | 0 | _aengger | |
| 050 | 0 | 0 |
_aT50 _b.J87 1991 |
| 082 | 0 | 0 |
_a620.0044 JUN _220 |
| 100 | 1 | _aJunge, Hans Dieter. | |
| 245 | 1 | 0 |
_aDictionary of measurement engineering and units : English/German = _bWörterbuch Messtechnik und Einheiten : Deutsch/Englisch / _cH.-D. Junge. |
| 250 | _a1. Aufl. | ||
| 260 |
_aWeinheim ; _aNew York : _bVCH Publishers, _c1991. |
||
| 300 |
_a593 p. ; _c25 cm. |
||
| 490 | 0 | _aParat | |
| 500 | _ahttp://www.amazon.com/Parat-Dictionary-Measuring-Units-English-German/dp/3527264221/ref=sr_1_1?s=books&ie=UTF8&qid=1413623136&sr=1-1&keywords=3527264221 | ||
| 650 | 0 |
_aMeasurement _vDictionaries. |
|
| 650 | 0 |
_aEnglish language _xDictionaries _xGeneral |
|
| 650 | 0 |
_aMeasurement _xDictionaries _xGerman. |
|
| 650 | 0 |
_aGerman language _xDictionaries _xEnglish. |
|
| 740 | 0 | _aWörterbuch Messtechnik und Einheiten. | |
| 906 |
_a7 _bcbc _corignew _d1 _eocip _f19 _gy-gencatlg |
||
| 942 |
_2ddc _cBK |
||
| 999 |
_c61143 _d61143 |
||